Optimalizácia zaťaženia prevádzky Aromáty bakalárska práca

Salvato in:
Dettagli Bibliografici
Autore principale: Butkovičová, Eva
Natura: Libro
Lingua:inglese
Pubblicazione: Bratislava STU FCHPT 2016
Accesso online:Visualizza in OPAC
Tags: Aggiungi Tag
Nessun Tag, puoi essere il primo ad aggiungerne!!

MARC

LEADER 00000nam a2200000 a 4500
005 20260127134122.0
008 160930 000 0 eng d
035 |a vtls011583246 
039 9 |y 201609301327  |z mschk03 
040 |a STUSCHK1  |b slo  |c STUSCHK1  |e AACR2 
100 1 |a Butkovičová, Eva 
245 1 |a Optimalizácia zaťaženia prevádzky Aromáty  |b bakalárska práca  |c Eva Butkovičová 
260 |a Bratislava  |b STU FCHPT  |c 2016 
300 |a 74 s.  |b il.  |c 25 cm 
500 |a Študijný program: chemické inžinierstvo 
500 |a Študijný odbor: chemické inžinierstvo 
500 |a Školiace pracovisko: Odd. chemického a biochemického inžinierstva 
500 |a Evid. číslo: FCHPT-5431-63954 
910 |a SCHK95 
999 |c 4497  |d 4497